| 000 | 01251cam a2200325 i 4500 | ||
|---|---|---|---|
| 001 | 14648 | ||
| 003 | Mx-PuUPA | ||
| 005 | 20250721084454.0 | ||
| 008 | 140415s2010 a gr 000 0 spa d | ||
| 020 | _a9789993458869 | ||
| 040 |
_aMx-PuUPA _bspa _cMx-PuUPA _dMx-PuUPA _erda |
||
| 041 | 0 | _aspa | |
| 100 | 1 |
_aCabrera Febrillet, Felipe Neris, _d1942- _eautor _917333 |
|
| 245 | 1 | 0 |
_aContabilidad general computarizada : _bconocimientos del futuro hoy / _cFelipe Neris Cabrera Febrillet |
| 250 | _aPrimera edición | ||
| 264 | 1 |
_aSanto Domingo, República Dominicana : _bFelipe N. Cabrera F., _c2010 |
|
| 300 |
_axxxi, 472 páginas : _bilustraciones ; _c28 mc + _e2 discos de computadora (4 3/4 pulg.) |
||
| 336 |
_2rdacontent _atexto _btxt |
||
| 337 |
_2rdamedia _asin medio _bn |
||
| 337 |
_2rdamedia _acomputadora _bc |
||
| 338 |
_2rdacarrier _avolumen _bnc |
||
| 338 |
_2rdacarrier _avolumen _bcd |
||
| 490 | 0 | _aUniversitaria | |
| 650 | 7 |
_2armarc _aContabilidad _xProgramas para computadoras |
|
| 650 | 7 |
_2armarc _aContabilidad _xProcesamiento de datos |
|
| 942 |
_2ddc _cLI _h657.0285536 _iC25 |
||
| 999 |
_c14648 _d14648 |
||